|
|
|
|
| LEADER |
01441nam a22003257a 4500 |
| 001 |
32994 |
| 003 |
BD-DhAAL |
| 005 |
20180412163900.0 |
| 008 |
180412t2016 bg |||| b||| 00| 0 ben d |
| 999 |
|
|
|c 39254
|d 39254
|
| 020 |
|
|
|a 984415023X
|
| 040 |
|
|
|a BD-DhAAL
|
| 041 |
|
|
|a BEN
|
| 082 |
|
|
|a 891.4416
|
| 100 |
|
|
|a দাশ, জীবনানন্দ
|9 25482
|
| 245 |
|
|
|a রূপসী বাংলা /
|c জীবনানন্দ দাশ, আবদুল মান্নান সৈয়দ সম্পাদিত
|
| 246 |
|
|
|a Ruposhi Bangla
|
| 250 |
|
|
|a সপ্তম মুদ্রর্ণ
|
| 260 |
|
|
|a ঢাকা :
|b অবসর প্রকাশনা সংস্থা,
|c c২০১৬
|
| 300 |
|
|
|a ১১৭ পৃষ্ঠা :
|c ২২ সে.মি.
|
| 500 |
|
|
|a A collections of Poems
|
| 504 |
|
|
|6 বিবলিওগ্রাফী অন্তর্ভূক্ত
|
| 520 |
|
|
|a Poems.
|
| 526 |
|
|
|a AAL
|
| 541 |
|
|
|a Development Book Agency
|e 32994
|
| 600 |
|
|
|a দাশ, জীবনানন্দ
|d ১৮৯৯-১৯৫৪.
|9 25483
|
| 700 |
|
|
|a সৈয়দ, আবদুল মান্নান
|9 25484
|
| 852 |
|
|
|a Ayesha Abed Library
|c General Stacks
|
| 942 |
|
|
|2 ddc
|c BK
|
| 952 |
|
|
|0 0
|1 0
|2 ddc
|4 0
|6 891_441600000000000_DAS
|7 0
|9 63156
|a BRACUL
|b BRACUL
|c GEN
|d 2018-04-11
|e Development Book Agency
|g 59.50
|l 7
|m 40
|o 891.4416 DAS
|p 3010032994
|r 2024-06-13
|s 2024-06-10
|t 1
|v 70.00
|w 2018-04-11
|y BK
|